| 000 | 00466nam a2200169Ia 4500 | ||
|---|---|---|---|
| 005 | 20241106112319.0 | ||
| 008 | 240126s9999 xx 000 0 und d | ||
| 020 | _a9780321714121 | ||
| 082 | _a001.6424C VAN;1 R | ||
| 100 | _aVandevoorde, David. Josuttis, Nicolai M. Gregor, Douglas. | ||
| 245 | 0 | _aC++ templates : the complete guide | |
| 250 | _a2nd ed. | ||
| 260 |
_bAddison-Wesley _aBoston _c2018 |
||
| 300 | _axxxiv, 788 | ||
| 440 | _aNULL | ||
| 942 | _cPU | ||
| 999 |
_c288930 _d288930 |
||